Daft Punk - Too Long Lyrics - Statistics

General Stats
  • This quiz has been taken 71 times
  • The average score is 383 of 500
Answer Stats
Lyrics % Correct
long
100%
long,
100%
to
100%
To
100%
Too
100%
too
100%
I
97%
it
97%
it?
97%
it (...)
97%
you
97%
You
97%
Can
93%
can
93%
feel
90%
is
87%
It's
83%
The
80%
the
80%
be
77%
my
73%
My,
73%
been
70%
on
70%
over,
70%
over
70%
coming
67%
do,
67%
get
67%
in
67%
much
67%
so
67%
(We
67%
for
63%
of
63%
strong
63%
getting
60%
good
60%
me
60%
At
57%
bones
57%
need
57%
Oh,
57%
oh
57%
want
57%
where
57%
alright!)
53%
best
53%
free,
53%
last,
53%
mind
53%
wait
53%
I'm
50%
feeling's
47%
feelings
47%
off
47%
set
47%
shoulders
47%
all
43%
know
43%
move!)
43%
weight
43%
(Well
43%
gon'
40%
true
40%
way
40%
yeah
40%
control,
37%
(Hey!)
37%
taking
37%
through
37%
see,
27%
No matching quizzes found
Score Distribution
Percent of People with Each Score
Percentile by Number Answered
Your Score History
You have not taken this quiz